| 000 | 00676nam a2200217Ia 4500 | ||
|---|---|---|---|
| 003 | OSt | ||
| 005 | 20240923150928.0 | ||
| 008 | 220927b |||||||| |||| 00| 0 eng d | ||
| 020 |
_c550 _a9788132108917 |
||
| 037 |
_b117, 19/10/2012, Excel Book International _cTextual |
||
| 040 |
_aSDCL _cSDCL _beng |
||
| 041 |
_2eng _aeng |
||
| 082 | _aY:1.1'P Q2 | ||
| 100 |
_aKrishna, Daya _9405033 |
||
| 245 | 0 |
_aCivilizations : _bNostalgia and Utopia / |
|
| 260 |
_aNew Delhi : _bSage, _c2012. |
||
| 300 | _axiv,119p | ||
| 650 | _aPhilosophy | ||
| 942 |
_hY:1.1'P Q2 _cTEXL _2CC |
||
| 999 |
_c769398 _d769398 |
||